|
|
|
|
| LEADER |
00962nab a2200253 i 4500 |
| 001 |
misc68129 |
| 005 |
20230214122106.0 |
| 008 |
220504s1983 hu o 0|| ger d |
| 022 |
|
|
|a 0001-6446
|
| 040 |
|
|
|a SZTE Miscellanea Repozitórium
|b hun
|
| 041 |
|
|
|a ger
|
| 041 |
|
|
|a tut
|
| 100 |
1 |
|
|a Kałużyński Stanisław
|
| 245 |
1 |
0 |
|a Einige tungusische Lehnwörter im jakutischem
|h [elektronikus dokumentum] /
|c Kałużyński Stanisław
|
| 260 |
|
|
|c 1983
|
| 300 |
|
|
|a 261-269
|c 25 cm
|
| 300 |
|
|
|a [9] p.
|c 25 cm
|
| 490 |
0 |
|
|a Acta Orientalia Academiae Scientiarum Hungaricae;Acta Orientalia Academiae Scientiarum Hungaricae : a Magyar Tudományos Akadémia orientalisztikai közleményei
|
| 561 |
|
|
|a Németh Gyula hagyaték
|
| 591 |
|
|
|a OA 2622
|
| 650 |
|
4 |
|a Bölcsészettudományok
|
| 650 |
|
4 |
|a Nyelvek és irodalom
|
| 695 |
|
|
|a Jakut nyelv - tunguz jövevényszavak
|
| 856 |
4 |
0 |
|u http://misc.bibl.u-szeged.hu/68129/1/2622_oa_k13.pdf
|z Dokumentum-elérés
|